Vista normal
Vista MARC
Entrada Meeting Name
Número de registros utilizados en: 1
001 - CONTROL NUMBER
- control field: 7979
003 - CONTROL NUMBER IDENTIFIER
- control field: OSt
005 - DATE AND TIME OF LATEST TRANSACTION
- control field: 20200728132820.0
008 - FIXED-LENGTH DATA ELEMENTS
- fixed length control field: 200728|| aca||aabn | a|a d
040 ## - CATALOGING SOURCE
- Original cataloging agency: OSt
- Transcribing agency: OSt
111 ## - HEADING--MEETING NAME
- Meeting name or jurisdiction name as entry element: Simposio Sobre Reforma Financiera (1 : 1983 Oct.18-21 : Bogota)
670 ## - SOURCE DATA FOUND
- Source citation: Work cat.: (OSt)3949: Simposio Sobre Reforma Financiera (1 : 1983 Oct.18-21 : Bogota), ¿Le conviene al país una reforma financiera? /, 1984.